| 000 | 01187cai a22002295a 4500 | ||
|---|---|---|---|
| 001 | L155441 | ||
| 008 | 120323s2012 xxk f 000 0 eng d | ||
| 035 | _a(Sirsi) u155441 | ||
| 041 | 0 | _aeng | |
| 110 | 2 |
_aNational Buildings Specification _95911 |
|
| 245 | 0 | 0 |
_aNBS national BIM library _h[electronic resource] |
| 260 |
_aNewcastle upon Tyne _bNBS _c2012 |
||
| 520 | _aThe National BIM (Building Information Modelling) Library, developed and managed by NBS for the UK construction industry, is a free of charge online resource enabling construction professionals to locate and download generic and proprietary BIM objects. This service aims to host a comprehensive range of systems and products such as walls, windows, doors, foundations, cladding and roofs, with many more to come to become the primary source of standard and proprietary BIM objects. | ||
| 590 | _aKA NTK | ||
| 650 | 2 | 4 | _aBUILDING INFORMATION MODELLING |
| 650 | 2 | 4 |
_aBIM _96219 |
| 651 | 4 |
_aUnited Kingdom _y |
|
| 690 |
_aBIM _96219 |
||
| 710 | 1 | _aNorthumbria University | |
| 856 | 4 | 0 |
_uhttps://www.nationalbimlibrary.com/ _zRegister and view the library free of charge at www.nationalbimlibrary.com |
| 942 | _n0 | ||
| 999 |
_c113574 _d113574 |
||